Legislación sobre datos de carácter personal
Shranjeno v:
| Main Authors: | , |
|---|---|
| Format: | Knjiga |
| Jezik: | španščina |
| Izdano: |
Madrid
Tecnos
2000
|
| Izdaja: | 2a. ed |
| Serija: | Biblioteca de Textos Legales, 202
|
| Teme: | |
| Oznake: |
Označite
Brez oznak, prvi označite!
|
MARC
| LEADER | 00000cam a2200000 a 4500 | ||
|---|---|---|---|
| 001 | UCG9366 | ||
| 003 | CL-VaPUC | ||
| 008 | 120309e20000000SP |||||||||||||||||spa|d | ||
| 020 | |a 8430936041 | ||
| 082 | 0 | 4 | |a 346.0465 |b ORT |2 21 |
| 100 | |a Orti Vallejo, Antonio |e autor |9 560895 | ||
| 700 | 0 | |a Gutiérrez Jerez, Luis Javier |e author |9 560896 | |
| 245 | 1 | 0 | |a Legislación sobre datos de carácter personal |
| 250 | |a 2a. ed | ||
| 300 | |a 226 p | ||
| 942 | |c BK | ||
| 945 | |d 20120309 00:00:00 |a dcastane | ||
| 260 | |a Madrid |b Tecnos |c 2000 | ||
| 650 | 7 | |a PROTECCION DE LA INTIMIDAD |2 CL-VaPUC |9 560897 | |
| 650 | 0 | |a Protección de datos |9 262446 | |
| 650 | 7 | |a INFORMACION RESERVADA |2 CL-VaPUC |9 522296 | |
| 583 | |a last modification |c 20120309 14:21:00 |k Rodrigo Vera | ||
| 490 | 0 | |a Biblioteca de Textos Legales, 202 | |
| 999 | |c 346923 |d 346921 | ||
| 952 | |0 0 |1 0 |4 0 |6 346_046500000000000_ORT_2000 |7 0 |8 A |9 447880 |a BIBDER |b BIBDER |d 2019-11-22 |i 4844270 |o 346.0465 ORT 2000 |p 4844270 |r 2023-01-25 |w 2019-11-22 |y BK |k DER | ||